State and government in ancient India. (Record no. 827)
[ view plain ]
| 000 -LEADER | |
|---|---|
| fixed length control field | 00509cam a2200193ua 4500 |
| 001 - CONTROL NUMBER | |
| control field | 904 |
| 005 - DATE AND TIME OF LATEST TRANSACTION | |
| control field | 20260515113236.0 |
| 008 - FIXED-LENGTH DATA ELEMENTS--GENERAL INFORMATION | |
| fixed length control field | 110423n ii |||gr||||Z||||||eng |
| 040 ## - CATALOGING SOURCE | |
| Transcribing agency | MAIN |
| 082 ## - DEWEY DECIMAL CLASSIFICATION NUMBER | |
| Classification number | 320.934 |
| 245 1# - TITLE STATEMENT | |
| Title | State and government in ancient India. |
| Statement of responsibility, etc. | By A. S. Altekar. |
| 250 ## - EDITION STATEMENT | |
| Edition statement | 3rd. |
| 260 ## - PUBLICATION, DISTRIBUTION, ETC. | |
| Place of publication, distribution, etc. | Delhi.: |
| Name of publisher, distributor, etc. | Motilal banarsidass. |
| 300 ## - PHYSICAL DESCRIPTION | |
| Extent | v, 407 p.: |
| Dimensions | 25 cm. |
| 653 ## - INDEX TERM--UNCONTROLLED | |
| Uncontrolled term | Political science. |
| 653 ## - INDEX TERM--UNCONTROLLED | |
| Uncontrolled term | State and government in ancient India. |
| 700 ## - ADDED ENTRY--PERSONAL NAME | |
| Personal name | Altekar, A. S., |
| 942 ## - ADDED ENTRY ELEMENTS (KOHA) | |
| Koha item type | Books |
| Withdrawn status | Lost status | Damaged status | Not for loan | Home library | Current library | Shelving location | Date acquired | Total checkouts | Full call number | Barcode | Date last seen | Copy number | Price effective from | Koha item type |
|---|---|---|---|---|---|---|---|---|---|---|---|---|---|---|
| Naharkatiya College Library | Naharkatiya College Library | General stacks | 09/19/2020 | 320.534 | ALT | 32 | 09/19/2020 | 4 | 09/19/2020 | Books | |||||
| Naharkatiya College Library | Naharkatiya College Library | General stacks | 09/19/2020 | 320.534 | ALT | 33 | 09/19/2020 | 5 | 09/19/2020 | Books | |||||
| Naharkatiya College Library | Naharkatiya College Library | General stacks | 09/19/2020 | 320.534 | ALT | 35 | 09/19/2020 | 3 | 09/19/2020 | Books | |||||
| Naharkatiya College Library | Naharkatiya College Library | General stacks | 09/19/2020 | 320.534 | ALT | 36 | 09/19/2020 | 1 | 09/19/2020 | Books | |||||
| Naharkatiya College Library | Naharkatiya College Library | General stacks | 09/19/2020 | 320.534 | ALT | 37 | 09/19/2020 | 2 | 09/19/2020 | Books | |||||
| Naharkatiya College Library | Naharkatiya College Library | General stacks | 09/19/2020 | 320.534 | ALT | 38 | 09/19/2020 | 6 | 09/19/2020 | Books |